Cinematógrafo educativo

Gespeichert in:
Bibliographische Detailangaben
1. Verfasser: Llorca, Angel
Format: Buch
Sprache:Spanisch
Erschienen: Madrid : Editorial Hernando, 1933
Ausgabe:7ª ed., copiosamente ilustrada
Katalog:MANES:  Suchergebnis im Bibliothekskatalog
Schulbuchspezifische Eigenschaften:
Tags: Tag hinzufügen
Keine Tags, Fügen Sie den ersten Tag hinzu!
Hinzugefügt zu:29.11.1999
Geändert in:07.05.2025

MARC

LEADER 00000cam a2200000#i 4500
005 20250507134450.0
008 000000s1933 espa 000 0 spa d
040 |a uned  |b spa  |c entro-manes 
100 1 |a Llorca, Angel  |9 20771 
245 1 0 |a Cinematógrafo educativo /   |c por Angel Llorca 
250 |a 7ª ed., copiosamente ilustrada 
260 |a Madrid :  |b Editorial Hernando,   |c 1933 
300 |a 106 p. :   |b il. 
500 |a Premiado en el primer concurso de 1906 de la Escuela Moderna 
546 |a España 
561 |5 es-BUNED  |3 BAL M 086  |a España. Fondo Manes UNED  |k MANES 
691 0 |a PRI 
942 |2 ddc  |c BK 
999 |c 95091  |d 95091 
999 |c manes:95091  |d 95091